[Event "Croatian junior league 2021"]
[Site "Rabac"]
[Date "2021.04.09"]
[Round "7.4"]
[White "Moric, Ivan"]
[Black "Kostic, Lovro"]
[Result "1-0"]
[WhiteElo "1907"]
[BlackElo "1367"]
[Annotator "TA"]
[PlyCount "88"]
[EventDate "2021.04.06"]
[EventType "swiss"]
[EventCountry "CRO"]
[SourceTitle "playchess.com"]
[Source "ChessBase"]
[SourceQuality "1"]

{[%evp 19,88,74,69,50,59,38,32,4,107,97,91,89,115,87,93,31,44,36,48,43,73,9,33,0,19,0,0,-32,22,-39,0,-17,0,0,0,0,95,30,52,34,184,165,154,137,174,18,65,27,153,97,122,76,104,125,389,381,347,371,481,478,509,492,491,485,483,491,616,608,1011,1003,29991]} 1. e4 g6 2. d4 Bg7 3. Nf3 d6 4. Be2 Nd7 5. O-O Ngf6 6. Nc3 O-O 7. h3 c5 8. d5 a6 9. a4 Rb8 10. Re1 Ne8 11. Bf4 {A43: Schmid Benoni.} Nc7 12. Qd2 b5 13. Bh6 {[#] White is slightly better.} bxa4 $146 (13... b4 $11 {remains equal.} 14. Nd1 Nf6) ({Predecessor:} 13... Nf6 14. Bxg7 Kxg7 15. axb5 axb5 16. Bf1 b4 17. Na4 Bd7 18. Bc4 Bb5 19. Bxb5 Nxb5 {1-0 (80) Jasnikowski,Z (2445)-Filipowicz,A (2385) Warsaw 1990}) 14. Bxg7 ({Much weaker is} 14. Rxa4 $6 Rxb2 15. Bxg7 Kxg7 $11) 14... Kxg7 15. Nxa4 Nb6 16. Nxb6 (16. Nc3 {is interesting.} Nd7 17. b3 Nb5 18. Nd1 Nf6 19. Bc4) 16... Rxb6 17. c4 ({White should try} 17. Rad1 $16) 17... e6 18. Qc3+ Kg8 19. Nd2 f5 20. f3 (20. dxe6 $16 {White wants to play exf5.} Bxe6 21. Bf3) 20... f4 21. Nb3 Qg5 {[%cal Re6d5]} 22. Kh1 e5 23. Bd1 Ne8 (23... Qh4 $15) 24. Ra3 (24. Nc1 $1 $11) 24... h5 25. Na5 Qg3 26. Re2 Rf7 27. Rb3 Rb4 (27... Rxb3 $11 28. Qxb3 g5) 28. Qe1 (28. Rxb4 $16 cxb4 29. Qxb4) 28... Qxe1+ 29. Rxe1 {Rxb4 is the strong threat.} g5 ({Better is} 29... Rxb3 $14 30. Bxb3 g5) 30. Rxb4 $18 cxb4 31. Ba4 Nf6 32. Rd1 $2 (32. c5 $18) 32... Rc7 $1 $11 33. Bc6 Kf7 {[#]} (33... Nd7 $1 $11) 34. Rd3 (34. Ra1 $142 $1) 34... g4 $16 35. Kh2 g3+ 36. Kg1 Nd7 $2 {[%mdl 8192]} (36... h4 $16 37. Rb3 Nh7 38. Rxb4 Ng5) 37. Rb3 $18 Nc5 38. Rxb4 Bd7 39. Rb6 {White is clearly winning.} Ke7 40. b4 Nd3 41. Bxd7 Kxd7 42. Nc6 Nb2 43. c5 {[%mdl 64] [#] Overworked Piece} dxc5 44. Nxe5+ Ke7 {Weighted Error Value: White=0.31/Black=0.48} 1-0

[Event "Croatian junior league 2021"]
[Site "Rabac"]
[Date "2021.04.09"]
[Round "7.5"]
[White "Jakrlin, Mihael"]
[Black "Cvitan, Ena"]
[Result "1/2-1/2"]
[WhiteElo "2106"]
[BlackElo "2263"]
[Annotator "RC"]
[PlyCount "40"]
[EventDate "2021.04.06"]
[EventType "swiss"]
[EventCountry "CRO"]
[SourceTitle "playchess.com"]
[Source "ChessBase"]
[SourceQuality "1"]
[TimeControl "5400+30"]

1. Nf3 {[%emt 0:00:49]} d5 {[%emt 0:10:23]} 2. c4 {[%emt 0:00:27]} e6 {[%emt 0:00:26]} 3. b3 {[%emt 0:00:09]} d4 {[%emt 0:04:53]} 4. g3 {[%emt 0:00:38]} c5 {[%emt 0:00:37]} 5. Bg2 {[%emt 0:00:08]} Nf6 {[%emt 0:01:07]} 6. e3 {[%emt 0:05:23]} Nc6 {[%emt 0:02:00]} 7. exd4 {[%emt 0:00:05]} cxd4 {[%emt 0:00:17]} 8. d3 {[%emt 0:00:05]} Bb4+ {[%emt 0:03:39]} 9. Bd2 {[%emt 0:00:45]} Bd6 {[%emt 0:03:55]} 10. O-O {[%emt 0:01:39]} O-O {[%emt 0:02:22]} 11. Bg5 {[%emt 0:01:18]} h6 {[%emt 0:01:21]} 12. Bxf6 {[%emt 0:00:08]} Qxf6 {[%emt 0:00:03]} 13. a3 {[%emt 0:00:12]} a5 {[%emt 0:00:50]} 14. Nbd2 {[%emt 0:00:24]} Qe7 {[%emt 0:04:12]} 15. Qc1 {[%emt 0:02:03]} f5 {[%emt 0:04:28]} 16. Re1 {[%emt 0:12:47]} Bd7 {[%emt 0:04:40]} 17. Qb2 {[%emt 0:02:46]} Qf6 {[%emt 0:02:46]} 18. Rac1 {[%emt 0:04:30]} Qe7 {[%emt 0:09:05]} 19. Ra1 {[%emt 0:00:04]} Qf6 {[%emt 0:00:15]} 20. Rac1 {[%emt 0:00:07]} Qe7 {[%emt 0:00:21]} 1/2-1/2

[Event "Croatian junior league 2021"]
[Site "Rabac"]
[Date "2021.04.09"]
[Round "7.7"]
[White "Birkic, Josip"]
[Black "Purini, Bruno"]
[Result "1-0"]
[WhiteElo "1972"]
[BlackElo "1987"]
[Annotator "TA"]
[PlyCount "81"]
[EventDate "2021.04.06"]
[EventType "swiss"]
[EventCountry "CRO"]
[SourceTitle "playchess.com"]
[Source "ChessBase"]
[SourceQuality "1"]

{[%evp 9,81,9,10,4,15,15,27,7,18,10,34,32,44,37,40,47,68,38,93,34,44,38,36,38,25,31,188,42,59,42,50,42,47,48,48,48,52,50,52,50,54,39,50,33,33,35,35,35,35,35,35,31,55,54,55,13,41,28,66,27,132,135,165,140,140,140,145,73,318,116,197,197,412,224]} 1. d4 d5 2. c4 e6 3. Nf3 a6 4. Nbd2 Nf6 5. e3 c5 6. b3 {D30: Queen's Gambit Declined: Systems without Nc3.} Nc6 7. Bb2 b6 8. Bd3 {White has an edge.} Bb7 9. O-O Be7 {[#]} 10. dxc5 $146 ({Predecessor:} 10. Qe2 Qc7 11. Rac1 O-O 12. Rfd1 Rfd8 13. cxd5 Nxd5 14. dxc5 bxc5 15. Nc4 a5 16. Nfe5 {1-0 (24) Abramov,V (2306)-Vanek,T (2124) Pardubice 2005}) 10... bxc5 11. cxd5 exd5 12. Rc1 Qb6 13. Bb1 O-O (13... Rd8 $14) 14. Bxf6 (14. Ng5 $16) 14... Bxf6 $14 15. Qc2 {[%csl Gb1][%cal Rc2h7][%mdl 64] Double Attack} g6 16. Qxc5 Qxc5 17. Rxc5 d4 (17... Rfd8 $14) 18. exd4 ({Only move:} 18. Be4 $18 Rac8 19. Rfc1 dxe3 20. fxe3 (20. Bxc6 exd2 21. Nxd2 Rfd8 $14)) 18... Nxd4 19. Nxd4 Bxd4 20. Rc7 Bc8 21. Be4 Ra7 22. Rfc1 Rxc7 23. Rxc7 Be6 24. Rc6 a5 25. Ra6 (25. g3 {feels hotter.} Rd8 26. Nf3 Bf6 27. Kg2 Rd1 28. Ra6) 25... Rc8 26. Ra8 Rxa8 27. Bxa8 {[%mdl 4096] Endgame KBB-KBN} Kf8 28. Kf1 Ke7 29. Ke2 h6 30. f3 Kd6 31. Kd3 Bb6 32. Ne4+ Kc7 33. Nc3 Bg1 34. h3 Kb6 (34... Kd6 $11) 35. Bd5 $16 Bf5+ 36. Kc4 f6 37. Bf7 Kc6 {[#]} 38. Nd5 (38. g4 $142 $1 {[%cal Rg4f5]} Bc2 39. Bd5+ Kd6 40. Be4 Bxe4 41. fxe4 (41. Nxe4+ Ke5 $16)) 38... Bb1 {[#]} (38... Kd6 $16) 39. a4 $2 ({Not} 39. Nxf6 Kd6 $16) (39. Bxg6 $1 $18 {[%mdl 512] and the rest is easy.} Bxg6 (39... Bxa2 40. Nc3) 40. Ne7+ {[%mdl 64] Double Attack} Kd6 41. Nxg6) 39... g5 (39... Kd6 $16) 40. Nxf6 $18 Bb6 $2 (40... Kd6 {keeps fighting.}) 41. Ng4 {Weighted Error Value: White=0.23/Black=0.47} (41. Bd5+ $142 Kd6 42. Be4 Bxe4 43. fxe4) 1-0

[Event "Croatian junior league 2021"]
[Site "Rabac"]
[Date "2021.04.09"]
[Round "7.8"]
[White "Duda, Daniel"]
[Black "Zekic, Patrik"]
[Result "0-1"]
[WhiteElo "1968"]
[BlackElo "1731"]
[Annotator "TA"]
[PlyCount "134"]
[EventDate "2021.04.06"]
[EventType "swiss"]
[EventCountry "CRO"]
[SourceTitle "playchess.com"]
[Source "ChessBase"]
[SourceQuality "1"]

{[%evp 15,134,8,12,6,8,14,6,22,14,11,29,14,29,39,45,28,42,25,56,53,53,54,52,50,53,49,83,22,84,21,23,-6,0,-5,0,0,22,0,0,0,43,33,25,0,0,0,0,0,0,0,0,0,0,0,0,-25,0,0,0,-114,0,0,0,0,6,0,0,-70,-73,-136,-136,-129,-108,-108,-108,-120,-80,-165,-158,-124,-40,-292,-275,-296,-296,-296,-296,-296,-284,-641,-299,-735,-580,-570,-218,-209,-212,-2532,-2431,-3318,-3160,-29958,-29957,-29967,-29969,-29971,-29968,-29972,-29971,-29971,-29972,-29977,-29978,-29980,-29981,-29981,-29982,-29982,-29983,-29983,-29984]} 1. d4 d5 2. c4 e6 3. Nc3 Nf6 4. cxd5 exd5 5. Bg5 Be7 6. e3 c6 7. Bd3 h6 8. Bh4 O-O 9. Nge2 {outshines the older 9.Qc2. D35: Queen's Gambit Declined: Exchange Variation.} Ne4 {Hoping for ...Nxc3.} 10. Bxe7 Qxe7 11. Bxe4 {The position is equal.} dxe4 12. O-O Bg4 13. Qb3 Bxe2 14. Nxe2 Na6 {[#]} 15. Rac1 $146 ({Predecessor:} 15. f3 exf3 16. Rxf3 Qb4 17. Qc2 Rad8 18. a3 Qb6 19. b4 Nc7 20. Ng3 Rxd4 21. Nf5 Rg4 22. Ne7+ Kh8 23. Qf5 Rg5 24. Qxg5 {1-0 (24) Meissner,B (2305)-Voss,H (2065) Passau 1998}) 15... Rab8 16. Rfd1 Nc7 17. Rc5 Nd5 18. Nc3 Nxc3 19. bxc3 Rfe8 20. c4 Qd6 21. Rf5 (21. Ra5 $16) 21... g6 (21... b6 $11) 22. Rf4 (22. Ra5 $16) 22... f5 23. f3 exf3 24. Rxf3 Qe6 25. d5 cxd5 26. Rxd5 (26. cxd5 {seems wilder.} Qd6 27. Rf4 Rbd8 28. Rc4 Qe5 29. e4) 26... Red8 27. Rf4 Rxd5 28. cxd5 $11 {[%mdl 4096] Endgame KQR-KQR} Qd6 29. Rc4 Rd8 30. Rd4 b6 31. Qd3 Re8 32. h3 Re5 33. Qc3 Re7 ({Not} 33... Rxd5 $2 34. Qb3 $18) 34. Qd3 Kf7 35. Rc4 Rd7 36. Rd4 Re7 37. a4 (37. Kf2 $11 {keeps the balance.}) 37... a5 (37... Qg3 $17 38. Qd2 Rxe3) 38. Qb3 Rd7 39. h4 Kg7 40. Qc3 Qe5 41. Kf2 {[#]} (41. Qd3 $11) 41... Rxd5 $1 $15 {[%mdl 64] Pin} 42. Rc4 (42. Kf1 $142) 42... Qxc3 $17 43. Rxc3 {KR-KR} Rd6 44. Kf3 Kf6 45. Rc4 g5 46. hxg5+ (46. h5 $17 {was necessary.}) 46... hxg5 $19 47. g4 Ke6 (47... Re6 $17 48. gxf5 Kxf5 49. e4+ Ke5) 48. gxf5+ $2 {[%mdl 8192] Loses the game.} ({White should try} 48. Rc8 $15) 48... Kxf5 49. Rg4 Rd3 {White must now prevent ...Rxe3+!} 50. Rc4 Rb3 51. Rd4 Rb4 52. Rd6 $2 (52. e4+ Ke6 53. Rd5) 52... Rxa4 (52... g4+ $142 53. Kf2 Ke4) 53. Rxb6 $2 (53. Rd5+ Ke6 54. Rxg5) 53... Rb4 54. Ra6 Rb5 (54... g4+ 55. Kg3 a4) 55. Ra8 {[#]} g4+ $1 56. Kg3 $2 (56. Ke2) 56... Ke4 57. Kxg4 Kxe3 58. Ra7 Rb4+ {Black mates.} 59. Kg3 a4 {[%cal Ba5a4,Ba4a3,Ba3a2][%mdl 32]} 60. Kg2 Ke2 61. Kg1 Kd2 62. Kf2 Kc2 63. Ke2 Kb2 64. Kd2 a3 65. Rc7 a2 66. Rc2+ Ka3 67. Rc3+ Rb3 {Weighted Error Value: White=0.70/Black=0.25} 0-1

[Event "Croatian junior league 2021"]
[Site "Rabac"]
[Date "2021.04.09"]
[Round "7.9"]
[White "Begic, Domagoj"]
[Black "Simunic, Krunoslav"]
[Result "1-0"]
[WhiteElo "1706"]
[BlackElo "1999"]
[Annotator "TA"]
[PlyCount "65"]
[EventDate "2021.04.06"]
[EventType "swiss"]
[EventCountry "CRO"]
[SourceTitle "playchess.com"]
[Source "ChessBase"]
[SourceQuality "1"]

{[%evp 9,64,-9,-1,-18,-20,-24,-18,-11,0,-5,-4,-23,-2,-11,-17,-94,-8,-25,-21,-57,-59,-52,-47,-26,-36,-52,-47,-44,-56,-85,-13,-30,0,0,0,-34,0,0,0,0,0,-117,-132,-143,0,0,125,116,730,718,723,712,29997,29998,29998,29999,29999]} 1. d4 d5 2. Nf3 Nf6 3. c3 Bf5 4. e3 e6 5. Be2 h6 6. h3 {D04: Colle System.} Bd6 7. Nbd2 {[#]} Nbd7 $146 ({Predecessor:} 7... O-O 8. O-O Nbd7 9. c4 c5 10. dxc5 Nxc5 11. Nb3 Nce4 12. Nbd2 Bc7 13. Nd4 Nxd2 14. Bxd2 {0-1 (48) Geist,W (1359)-Andrasch,P (1574) Berlin 2014}) 8. b3 {The position is equal.} c5 9. Bb2 Rc8 10. O-O O-O 11. dxc5 Nxc5 12. a3 (12. c4 $11 {remains equal.}) 12... Nce4 (12... Nd3 $17 13. Bxd3 Bxd3) 13. c4 $11 Qe7 14. b4 Nxd2 15. Nxd2 dxc4 16. Nxc4 Bb8 {Strongly threatening ...Rxc4!} 17. Be5 Bxe5 18. Nxe5 Rfd8 19. Qa4 Rd2 (19... Ne4 $17 {Threatens to win with ...Nc3.} 20. Bg4 Nc3 21. Qxa7 Be4) 20. Bf3 Ne4 21. Qxa7 f6 22. Ng4 (22. Bxe4 $5 Bxe4 23. Nf3 Bxf3 24. gxf3 $11) 22... Rcc2 23. Qb8+ Kh7 24. Rad1 h5 25. Rxd2 (25. Nh2 $11) 25... Nxd2 $17 26. Rd1 {Black should prevent Nh2.} Nxf3+ (26... hxg4 $17 27. hxg4 Bd3 28. Qxb7 Qd6) 27. gxf3 $11 hxg4 (27... e5 $11 28. e4 {[#]} Rc8 $1) 28. hxg4 $16 Bg6 $2 {[%mdl 8192] This move loses the game for Black.} (28... Bxg4 $16 29. fxg4 Rc4) 29. Rd8 $18 {[%csl Gb8][%cal Rd8h8] [#]} Rc1+ 30. Kg2 {[%csl Gb8][%cal Rd8h8]} Bh5 31. Rh8+ {White mates.} Kg6 32. gxh5+ Kf7 33. Qg8# {Weighted Error Value: White=0.25/Black=0.48} 1-0

[Event "Croatian junior league 2021"]
[Site "Rabac"]
[Date "2021.04.09"]
[Round "7.14"]
[White "Mandaric, Fran"]
[Black "Klapac, Patrik"]
[Result "1/2-1/2"]
[WhiteElo "1684"]
[BlackElo "1780"]
[Annotator "NA RC"]
[PlyCount "74"]
[EventDate "2021.04.06"]
[EventType "swiss"]
[EventCountry "CRO"]
[SourceTitle "playchess.com"]
[Source "ChessBase"]
[SourceQuality "1"]
[TimeControl "5400+30"]

1. e4 {[%emt 0:00:00]} e5 {[%emt 0:00:00]} 2. Nf3 {[%emt 0:00:00]} Nc6 {[%emt 0:00:06]} 3. Bb5 {[%emt 0:00:00]} d6 {[%emt 0:00:21]} 4. c3 {[%emt 0:00:48]} Bd7 {[%emt 0:00:16]} 5. d3 {[%emt 0:00:39]} h6 {[%emt 0:00:58]} 6. Nbd2 {[%emt 0:07:31]} Nf6 {[%emt 0:03:18]} 7. O-O {[%emt 0:00:24]} Be7 {[%emt 0:02:25]} 8. Re1 {[%emt 0:00:27]} O-O {[%emt 0:01:10]} 9. Nf1 {[%emt 0:01:02]} Nh7 {[%emt 0:01:51]} 10. Bxc6 {[%emt 0:08:27]} Bxc6 {[%emt 0:00:41]} 11. Ng3 {[%emt 0:00:13]} Bd7 {[%emt 0:02:01]} 12. d4 {[%emt 0:01:24]} exd4 {[%emt 0:00:45]} 13. Nxd4 {[%emt 0:01:11]} Re8 {[%emt 0:09:01]} 14. Ndf5 {[%emt 0:03:50]} Bf6 {[%emt 0:04:57]} 15. f4 {[%emt 0:13:11]} Nf8 {[%emt 0:05:02]} 16. Qg4 {[%emt 0:21:31]} Ng6 {[%emt 0:03:07]} 17. Bd2 {[%emt 0:01:06]} Bh4 {[%emt 0:04:11]} 18. Nxh6+ {[%emt 0:06:12]} gxh6 {[%emt 0:01:45]} 19. f5 {[%emt 0:00:22]} Bxg3 {[%emt 0:00:07]} 20. Qxg3 {[%emt 0:00:17]} Kg7 {[%emt 0:01:05]} 21. fxg6 {[%emt 0:04:50]} fxg6 {[%emt 0:03:55]} 22. c4 {[%emt 0:00:41]} Bc6 {[%emt 0:07:48]} 23. Bc3+ {[%emt 0:03:07]} Kh7 {[%emt 0:00:04]} 24. e5 {[%emt 0:01:41]} Qg5 {[%emt 0:08:35]} 25. Qxg5 {[%emt 0:01:50]} hxg5 {[%emt 0:00:02]} 26. e6 {[%emt 0:00:14]} g4 {[%emt 0:04:35]} 27. e7 {[%emt 0:01:15]} Bd7 {[%emt 0:00:59]} 28. Bf6 {[%emt 0:00:55]} Bf5 {[%emt 0:00:30]} 29. Re3 {[%emt 0:02:17]} Kg8 {[%emt 0:01:59]} 30. Rae1 {[%emt 0:00:57]} Kf7 {[%emt 0:00:53]} 31. Bg5 {[%emt 0:00:11]} a6 {[%emt 0:03:47]} 32. a4 {[%emt 0:11:41]} a5 {[%emt 0:05:31]} 33. Bh6 {[%emt 0:00:44]} Rh8 {[%emt 0:03:34]} 34. Bf8 {[%emt 0:00:11]} Re8 {[%emt 0:00:03]} 35. b3 {[%emt 0:01:42]} Rh5 {[%emt 0:01:44]} 36. Rc3 {[%emt 0:02:03]} b6 {[%emt 0:00:24]} 37. Rf1 {[%emt 0:02:49]} Ke6 {[%emt 0:02:51]} 1/2-1/2

[Event "Croatian junior league 2021"]
[Site "Rabac"]
[Date "2021.04.09"]
[Round "7.15"]
[White "Jakovic, Roko"]
[Black "Juric, Ester"]
[Result "1/2-1/2"]
[WhiteElo "1846"]
[BlackElo "1587"]
[Annotator "NA RC"]
[PlyCount "150"]
[EventDate "2021.04.06"]
[EventType "swiss"]
[EventCountry "CRO"]
[SourceTitle "playchess.com"]
[Source "ChessBase"]
[SourceQuality "1"]
[TimeControl "5400+30"]

1. d4 {[%emt 0:00:00]} Nf6 {[%emt 0:00:00]} 2. c4 {[%emt 0:00:00]} e6 {[%emt 0:00:00]} 3. Nc3 {[%emt 0:00:12]} Bb4 {[%emt 0:00:15]} 4. g3 {[%emt 0:00:27]} O-O {[%emt 0:00:19]} 5. Bg2 {[%emt 0:00:05]} Bxc3+ {[%emt 0:00:17]} 6. bxc3 {[%emt 0:00:05]} d6 {[%emt 0:00:14]} 7. Rb1 {[%emt 0:04:01]} Nc6 {[%emt 0:02:42]} 8. Bg5 {[%emt 0:05:26]} h6 {[%emt 0:06:43]} 9. Bxf6 {[%emt 0:02:58]} Qxf6 {[%emt 0:00:11]} 10. Nf3 {[%emt 0:03:59]} Rb8 {[%emt 0:06:17]} 11. O-O {[%emt 0:06:58]} b6 {[%emt 0:05:38]} 12. Nd2 {[%emt 0:08:29]} Bb7 {[%emt 0:04:17]} 13. f4 {[%emt 0:02:09]} Qe7 {[%emt 0:03:16]} 14. e4 {[%emt 0:02:18]} Rfd8 {[%emt 0:07:07]} 15. Qg4 {[%emt 0:10:25]} Qe8 {[%emt 0:02:17]} 16. f5 {[%emt 0:04:39]} exf5 {[%emt 0:03:51]} 17. Qxf5 {[%emt 0:00:54]} Ne7 {[%emt 0:02:13]} 18. Qf2 {[%emt 0:02:52]} Ng6 {[%emt 0:04:30]} 19. Rbe1 {[%emt 0:01:25]} Qd7 {[%emt 0:02:27]} 20. h4 {[%emt 0:02:08]} Rf8 {[%emt 0:01:36]} 21. Kh2 {[%emt 0:02:58]} Bc8 {[%emt 0:06:16]} 22. e5 {[%emt 0:04:47]} dxe5 {[%emt 0:02:12]} 23. dxe5 {[%emt 0:01:15]} (23. h5 $11 Ne7 24. Rxe5) 23... Qe6 {[%emt 0:03:15]} 24. Bd5 {[%emt 0:11:03]} Qe7 {[%emt 0:00:25]} 25. Qe3 {[%emt 0:03:59]} Be6 {[%emt 0:03:06]} 26. h5 {[%emt 0:00:28]} Nh8 {[%emt 0:00:07]} 27. Qf4 {[%emt 0:07:02]} Rbd8 {[%emt 0:02:35]} 28. Ne4 {[%emt 0:01:36]} Kh7 {[%emt 0:05:31] [#]} 29. Rd1 $2 {[%emt 0:06:28]} (29. Nf6+ $1 $18 {[%mdl 512]} gxf6 30. exf6) 29... Bxd5 {[%emt 0:02:40]} 30. cxd5 {[%emt 0:00:05]} Rfe8 {[%emt 0:00:07]} 31. Qf5+ {[%emt 0:02:27]} Kg8 {[%emt 0:00:59]} 32. d6 {[%emt 0:01:46]} cxd6 {[%emt 0:00:52]} 33. Rxd6 {[%emt 0:00:27]} Rxd6 {[%emt 0:00:17]} 34. Nxd6 {[%emt 0:01:08]} Rd8 {[%emt 0:01:01]} 35. Nc4 {[%emt 0:01:34]} b5 {[%emt 0:06:38]} 36. Nd6 {[%emt 0:00:50]} a6 {[%emt 0:00:06]} 37. Qf4 {[%emt 0:00:12]} Qe6 {[%emt 0:01:34]} 38. Rf2 {[%emt 0:00:19]} Rd7 {[%emt 0:02:53]} 39. Qf5 $11 {[%emt 0:00:47]} ({Better is} 39. Nf5 $14 Rc7 40. Qd4) 39... Qxf5 {[%emt 0:01:18]} 40. Nxf5 {[%emt 0:00:25]} Rc7 {[%emt 0:00:22]} 41. Rf3 {[%emt 0:00:25]} Rc5 {[%emt 0:00:28]} 42. Ne7+ {[%emt 0:00:51]} Kf8 {[%emt 0:00:37]} 43. Ng6+ {[%emt 0:00:19]} Nxg6 {[%emt 0:00:13]} 44. hxg6 {[%emt 0:00:02]} Rc7 {[%emt 0:01:17]} 45. Kh3 {[%emt 0:01:11]} Ke8 {[%emt 0:00:31]} 46. gxf7+ {[%emt 0:00:34]} Rxf7 {[%emt 0:00:01]} 47. Rd3 {[%emt 0:00:29]} Rd7 {[%emt 0:00:21]} 48. Re3 {[%emt 0:00:22]} Ke7 {[%emt 0:00:52]} 49. Kg4 {[%emt 0:00:26]} g6 {[%emt 0:00:20]} 50. Rf3 {[%emt 0:00:23]} Ke6 {[%emt 0:06:46]} 51. Rf6+ {[%emt 0:00:14]} Kxe5 {[%emt 0:00:02]} 52. Rxg6 {[%emt 0:00:28]} Rd3 {[%emt 0:01:12]} 53. Rxh6 {[%emt 0:00:20]} Rxc3 {[%emt 0:00:00]} 54. Rxa6 {[%emt 0:00:12]} b4 {[%emt 0:00:48]} 55. Rb6 {[%emt 0:00:55]} Ra3 {[%emt 0:00:14]} 56. Rxb4 {[%emt 0:00:15]} Rxa2 {[%emt 0:00:02]} 57. Rf4 {[%emt 0:00:38]} Ra8 {[%emt 0:01:00]} 58. Kh4 {[%emt 0:01:11]} Rh8+ {[%emt 0:00:15]} 59. Kg4 {[%emt 0:00:16]} Rg8+ {[%emt 0:00:04]} 60. Kf3 {[%emt 0:00:33]} Ra8 {[%emt 0:00:08]} 61. Rb4 {[%emt 0:00:36]} Rf8+ {[%emt 0:00:40]} 62. Ke3 {[%emt 0:00:31]} Rg8 {[%emt 0:00:15]} 63. Rb5+ {[%emt 0:00:04]} Kf6 {[%emt 0:00:08]} 64. Kf4 {[%emt 0:00:06]} Ra8 {[%emt 0:00:53]} 65. Rb6+ {[%emt 0:00:07]} Kg7 {[%emt 0:00:08]} 66. g4 {[%emt 0:00:44]} Ra4+ {[%emt 0:00:31]} 67. Kg5 {[%emt 0:00:47]} Ra5+ {[%emt 0:00:04]} 68. Kh4 {[%emt 0:00:10]} Ra4 {[%emt 0:00:15]} 69. Kh5 {[%emt 0:00:15]} Ra5+ {[%emt 0:00:06]} 70. g5 {[%emt 0:00:12]} Ra1 {[%emt 0:00:09]} 71. Rb7+ {[%emt 0:00:05]} Kg8 {[%emt 0:01:41]} 72. Kh6 {[%emt 0:00:17]} Ra6+ {[%emt 0:00:57]} 73. g6 {[%emt 0:00:09]} Ra8 {[%emt 0:01:15]} 74. Rg7+ {[%emt 0:00:58]} Kh8 {[%emt 0:03:06]} 75. Rb7 {[%emt 0:00:47]} Kg8 {[%emt 0:00:00]} 1/2-1/2

[Event "Croatian junior league 2021"]
[Site "Rabac"]
[Date "2021.04.09"]
[Round "7.16"]
[White "Markovic, Marko"]
[Black "Veverec, Ivo"]
[Result "0-1"]
[WhiteElo "2232"]
[BlackElo "1786"]
[Annotator "TA"]
[PlyCount "66"]
[EventDate "2021.04.06"]
[EventType "swiss"]
[EventCountry "CRO"]
[SourceTitle "playchess.com"]
[Source "ChessBase"]
[SourceQuality "1"]

{[%evp 15,66,-34,-39,-52,-33,-49,-35,-50,-47,-69,-57,-59,-45,-56,-40,-46,-47,-42,-22,-29,-7,-15,0,-9,0,-47,-49,-64,-49,-47,-28,-95,-47,-109,-110,-401,-389,-845,-828,-1235,-1230,-1227,-1180,-1100,-1037,-1211,-733,-1583,-1520,-1329,-1262,-29997,-404]} 1. d4 d5 2. c4 e6 3. Nc3 Nf6 4. Nf3 c6 5. cxd5 exd5 6. e3 Bf5 7. Bd3 Bxd3 8. Qxd3 Bd6 9. Bd2 {D12: Slav Defence: 3 Nf3 Nf6 4 e3 Bf5.} Nbd7 10. Rc1 O-O 11. O-O {Black is slightly better.} Re8 12. Qf5 {[#]} h6 $146 ({Predecessor:} 12... g6 13. Qg5 Qb8 14. h3 Ne4 15. Nxe4 Rxe4 16. Bc3 f6 17. Ne5 fxg5 18. Nxd7 Qd8 {0-1 (24) Martinez Garces,M-Garcia Callejo,J (2270) Madrid 2000}) 13. Qc2 a6 14. h3 Nf8 15. Qb3 Rb8 16. Na4 Ne4 17. Bb4 Ng6 18. Bxd6 Qxd6 19. Nc3 f5 20. Nxe4 (20. Rc2 {keeps more tension.} Qe6 21. Ne2 Qe7 22. Ne1 Nh4 23. Nd3) 20... fxe4 21. Nh2 Re7 22. Qc3 Rf8 23. Qc5 (23. f4 $11) 23... Qd7 24. b4 ({White should try} 24. Qc3 $15) 24... Re6 $17 {And now ...Nh4 would win.} 25. a4 $2 {[%mdl 8192] [#] Loses the game.} (25. Qc2 $17) 25... Nh4 $1 $19 26. Rc2 $2 (26. Kh1 Nxg2 27. Rg1 (27. Kxg2 $2 Rg6+ 28. Kh1 Qxh3 $19)) 26... Rg6 $1 {[%csl LRg2,LRh3]} 27. f3 Qxh3 {[%cal Rg6g2][%mdl 64] Double Attack} 28. Ng4 Qg3 {[%cal Rh4f3] Threatens to win with ...Nxf3+.} 29. Ne5 Nxf3+ 30. Nxf3 Rxf3 31. Rxf3 exf3 32. Rf2 fxg2 {( -> ...Qh2+!)} 33. Qc2 {[#]} Qh2+ $1 {[%mdl 576] Decoy, Promotion.  Weighted Error Value: White=1.09/Black=0.21} 0-1